00588nam a22001697a 4500020001400000040000900014082001700023100003000040110002800070245004500098250001600143260004100159650005300200942001200253999001900265952013400284 a997151401 cNust a621.815bJUV aRobert C. Juvinall955066 aKurt M. Marshek9124612 aFundamentals of Machine Component Design a3ed Edition aNew Delhi:bJohn Wiley India,c2002. aFundamentals of Machine Component Design9114247 2ddccBK c610421d610421 00102ddc4070aCEMEbCEMEcGENd2024-07-19l2m1o621.815 JUVpCEME- 40760q2026-04-11r2026-03-12s2026-03-12w2024-07-19yBK